000 00381pab a2200157 454500
008 180718b1998 xxu||||| |||| 00| 0 eng d
100 _aSaksena, J.N.
245 _aIndian police after 50 years of independence
260 _c1998
300 _ap.41-43
362 _aJan-Jun
650 _aPolice - India
650 _aPolice
773 _aIndian Police Journal
909 _a37454
999 _c37454
_d37454